000 00463 a2200169 4500
005 20260422105234.0
008 260422b |||||||| |||| 00| 0 eng d
020 _a9789360804084
040 _cSDCL
041 _2hin
_ahin
084 _aV2'P R5
100 _aAquil, Raziuddin
245 _aItihas-Nama :
_bHindustan ke pavitra Bhugol ka sanskiritik-aitihasik pariprekshy
260 _aNew Delhi :
_bManohar,
_c2025.
300 _a162p.
942 _cTEXL
_2CC
999 _c1678333
_d1678333